000 00976cam a2200253 a 4500
001 77689
003 BD-RjUL
005 20211209083018.0
008 201227s1998 bg b 000 0 ben
020 _a9848196005
035 _a(BD-RjUL)77915
040 _aBD-RjUL
_cBD-RjUL
_dBD-RjUL
_bben
041 _aben
082 0 0 _a300.72
_223
_bALS 1998
100 _aআলাউদ্দিন, মোহাম্মদ
_9116644
245 1 0 _aসমাজ গবেষণা পদ্ধতি /
_cমোহাম্মদ আলাউদ্দিন
250 _a৩য় সং।
260 _aঢাকা :
_bমিনার্ভা পাব,
_c১৯৯৮
300 _axii,৪৩২ পৃ. :
_bচিত্র ;
_c২২ সেমি.
504 _aগ্রন্থপঞ্জী সম্বলিত
650 _aসমাজ বিজ্ঞান
_xগবেষণা
_9116645
650 _aSocial sciences
_xResearch
_9116646
_vMethodology.
942 _2ddc
_cBK
999 _c77689
_d77689